000
00323nam a2200133Ia 4500
008
191201s1980 xx 000 0 und d
100
_a
O' CONNOR, J D
245
0
_a
Better English Pronunciation
250
_a
2nd
260
_a
N.Delhi
_b
Cambridge Universty Press
_c
1980
300
_a
150
650
_a
MBA
942
_2
ddc
_c
BK
999
_c
3292
_d
3292